000 00604nam a22001817a 4500
005 20141110153051.0
008 141110b xxu||||| |||| 00| 0 eng d
020 _a9780273790013
050 _aHF 5635
_b.H784 2014
100 _aHorngren, Charles T.
245 _aIntroduction to management accounting /
_cCharles T. Horngren, Gary L. Sundem, William O. Stratton.
250 _a16th ed.
260 _aUpper Saddle River, NJ :
_bPrentice Hall,
_cc2014.
300 _a772 pages :
_bcolored illustrations ;
_c28 cm.
521 _aAccountancy
650 _aManagerial accounting.
942 _2lcc
_cBK
_kFOR
999 _c276768
_d276768